[Event "2009 Canadian Junior Chess Championship"]
[Site "Victoria Canada"]
[EventDate "2009.07.25"]
[Date "2009.07.25"]
[Round "1"]
[White "Rakov, Pavel"]
[WhiteTitle "-"]
[WhiteElo "2147"]
[Black "Zhu, Zheng"]
[BlackTitle "-"]
[BlackElo "1762"]
[Result "1-0"]
[Source "MonRoi"]

1. d4 d5 2. c4 c6 3. Nf3 Nf6 4. e3 Bf5 5. cxd5 cxd5 6. Qb3 Qc7 7. Nc3 e6 8. Bd2 Be7 9. Rc1 Nc6 10. Bb5 a6 11. Bxc6 bxc6 12. O-O O-O 13. Na4 Ne4 14. Qb6 Rfc8 15. Qxc7 Rxc7 16. Ba5 Rb7 17. Rxc6 Nd6 18. Nb6 Rab8 19. Ne5 Nc4 20. Nexc4 dxc4 21. Nxc4 Bd3 22. Rc1 Bxc4 23. R1xc4 Rxb2 24. g3 h6 25. a4 Ra2 26. Rc8 Rxc8 27. Rxc8 Kh7 28. Rc4 Kg6 29. Kg2 Kf5 30. Kf3 h5 31. h4 Bd6 32. Bb6 e5 33. e4 Ke6 34. d5 Kd7 35. a5 g6 36. Rc3 Bb4 37. Rc7 Ke8 38. Ra7 Bxa5 39. Rxa6 Ra3 40. Kg2 Bb4 41. Rxa3 Bxa3 42. Bc7 Bb2 43. f4 f6 44. Kf3 Kd7 45. Bb8 Kc8 46. Bd6 Kd7 47. Bc5 exf4 48. gxf4 Bc3 49. Ke2 Ba5 50. e5 fxe5 51. fxe5 Bd8 52. e6 Ke8 53. d6 Ba5 54. Ke3 Kd8 55. Kf4 Bd2 56. Ke5 Bc3 57. Kd5 Ba5 58. Be3 g5 59. Bxg5 Kc8 60. d7 Kc7 61. d8Q Kb7 62. Qxa5 Kc8 63. Kc6 Kb8 64. e7 Kc8 65. e8B Kb8 66. Bf4 Kc8 67. Bd7#  1-0

[Event "2009 Canadian Junior Chess Championship"]
[Site "Victoria Canada"]
[EventDate "2009.07.25"]
[Date "2009.07.25"]
[Round "2"]
[White "Zhu, Zheng"]
[WhiteTitle "-"]
[WhiteElo "1762"]
[Black "Li, Changhe"]
[BlackTitle "-"]
[BlackElo "2106"]
[Result "0-1"]
[Source "MonRoi"]

1. e4 c5 2. Nf3 e6 3. c3 Nf6 4. e5 Nd5 5. d4 cxd4 6. cxd4 d6 7. Be2 Bd7 8. O-O a6 9. Nc3 Bc6 10. Bg5 Be7 11. Bxe7 Nxe7 12. Ng5 Nf5 13. Nge4 d5 14. Nc5 Nd7 15. Nb3 b5 16. Qd2 Qb6 17. Bg4 b4 18. Ne2 Ne7 19. Rfc1 O-O 20. Nf4 Ng6 21. Nd3 a5 22. Nbc5 Rfc8 23. Nxd7 Bxd7 24. Nc5 Nxe5 25. Nxd7 Nxd7 26. Qf4 Nf6 27. Be2 Ne4 28. Qh4 Qxd4 29. Ba6 Rf8 30. Bb7 Rab8 31. Ba6 Qxb2 32. Rab1 Qf6 33. Qxf6 gxf6 34. Rc7 Nc3 35. Rb2 Rb6 36. Bd3 Rfb8 37. Bxh7 Kxh7 38. Rxf7 Kg6 39. Rc7 d4 40. g4 b3 41. a3 Na4 42. Rb1 b2 43. f4 f5 44. gxf5 exf5 45. h4 Nc3 46. h5 Kh6 47. a4 Nxb1 48. Rc2 Na3 49. Kh2 Nxc2 50. Kh3 Rb5 51. Kh4 b1Q 52. Kg3 Qf1 53. Kh2 Ne3 54. Kg3 Qg2 55. Kh4 Qh2#  0-1

[Event "2009 Canadian Junior Chess Championship"]
[Site "Victoria Canada"]
[EventDate "2009.07.25"]
[Date "2009.07.25"]
[Round "3"]
[White "Martchenko, Alexander"]
[WhiteTitle "-"]
[WhiteElo "2314"]
[Black "Sapozhnikov, Roman"]
[BlackTitle "-"]
[BlackElo "2358"]
[Result "1-0"]
[Source "MonRoi"]

1. e4 c5 2. Nf3 d6 3. Bb5 Bd7 4. Bxd7 Qxd7 5. c4 g6 6. Nc3 Bg7 7. d4 cxd4 8. Nxd4 Nf6 9. O-O O-O 10. h3 Rc8 11. b3 b5 12. Ndxb5 Nxe4 13. Bb2 Nc6 14. Re1 Nc5 15. Rb1 a6 16. Na3 Qf5 17. Re3 Ra7 18. Nd5 Bxb2 19. Rxb2 e6 20. Nc3 Rd8 21. Rd2 Rad7 22. Nc2 a5 23. Nd4 Nxd4 24. Rxd4 Qf6 25. Rd2 e5 26. Ne4 Nxe4 27. Rxe4 Qe6 28. Rd5 f5 29. Re2 f4 30. Qd3 g5 31. Rd2 h6 32. Rxa5 Qf6 33. Qe4 Kg7 34. Rad5 Qe6 35. c5 dxc5 36. Rxe5 Qf6 37. Re2 Rf8 38. Re6 Qf5 39. f3 Qxe4 40. R6xe4 Rd1 41. Kf2 Rc1 42. Rd2 Rf7 43. Ree2 Rc7 44. Rc2 Rb1 45. Re1 Rxe1 46. Kxe1 Ra7 47. Ke2 Kf6 48. Kd3 Ke6 49. Kc4 Kd6 50. Rd2 Kc6 51. Re2 Kd6 52. a4 Rb7 53. Re8 Rb4 54. Kc3 Kd5 55. Rd8 Ke5 56. Re8 Kd5 57. Rd8 Ke5 58. a5 Rb7 59. Rd2 Ra7 60. b4 cxb4 61. Kxb4 Kf5 62. Kb5 Re7 63. Ra2 Re5 64. Kc6 Re6 65. Kc7 Re7 66. Kd8 Ra7 67. Kc8 Kg6 68. Kb8 Rf7 69. a6 Rf8 70. Kb7 Rf7 71. Kb6 Rf6 72. Kc5 Rf5 73. Kd4 Rf8 74. a7 Ra8 75. Ke5 Kh5 76. Kd6 Kh4 77. Kc7 Rh8 78. a8Q Rxa8 79. Rxa8 Kg3 80. Ra2 h5 81. Kd6 Kh2 82. Ke5 Kg3 83. Kf6 Kh4 84. Kf5  1-0

[Event "2009 Canadian Junior Chess Championship"]
[Site "Victoria Canada"]
[EventDate "2009.07.25"]
[Date "2009.07.25"]
[Round "3"]
[White "Zhu, Zheng"]
[WhiteTitle "-"]
[WhiteElo "1762"]
[Black "Zhang, David"]
[BlackTitle "-"]
[BlackElo "1999"]
[Result "0-1"]
[Source "MonRoi"]

1. e4 c6 2. d4 d5 3. exd5 cxd5 4. Bd3 Nc6 5. c3 Nf6 6. Bf4 Qb6 7. b3 Bg4 8. Ne2 e6 9. h3 Bh5 10. O-O Be7 11. Nd2 O-O 12. Re1 Rac8 13. b4 Bxe2 14. Bxe2 a6 15. a4 Nb8 16. a5 Qc6 17. Rc1 Bd6 18. Bxd6 Qxd6 19. Bd3 Nbd7 20. Nf3 Rc7 21. Qd2 Rfc8 22. Rc2 Ne8 23. Ng5 h6 24. Bh7 Kf8 25. Nf3 Ndf6 26. Bd3 Qe7 27. Re3 Nd6 28. Ne5 Nd7 29. Rf3 Nxe5 30. dxe5 Nc4 31. Qf4 Na3 32. Re2 Rxc3 33. Rg3 Nb5 34. Ree3 Rb3 35. Ref3 Rxb4 36. Qd2 Rd4 37. Qb2 Qb4+ 38. Qxb4 Rxb4 39. Bg6 Rc7 40. Bh7 Nd4 41. Re3 Nf5 42. Bxf5 exf5 43. Re2 Re4 44. Rge3 Rc5 45. f4 Rxa5 46. e6 fxe6 47. g4 b5 48. h4 Raa4 49. h5 fxg4 50. f5 exf5 51. Rxe4 fxe4 52. Kh2 Ra3 53. Rg2 g3 54. Kh3 d4 55. Kg4 Rf3 56. Rxg3 Rxg3 57. Kxg3 b4 58. Kf4 e3 59. Kf5 b3 60. Kg6 b2 61. Kh7 b1B 62. Kh8 Bh7 63. Kxh7 a5 64. Kh8 a4 65. Kh7 a3 66. Kh8 a2 67. Kh7 e2 68. Kg6 d3 69. Kh7 Kf7 70. Kh8 a1B 71. Kh7 e1N 72. Kh8 Nf3 73. Kh7 Ng5 74. Kh8 g6#  0-1

[Event "2009 Canadian Junior Chess Championship"]
[Site "Victoria Canada"]
[EventDate "2009.07.25"]
[Date "2009.07.26"]
[Round "4"]
[White "Cheng, Jack"]
[WhiteTitle "-"]
[WhiteElo "2064"]
[Black "Zhu, Zheng"]
[BlackTitle "-"]
[BlackElo "1762"]
[Result "1-0"]
[Source "MonRoi"]

1. e4 e6 2. d4 d5 3. e5 c5 4. c3 Nc6 5. Nf3 Qb6 6. Be2 cxd4 7. cxd4 Nh6 8. Nc3 Nf5 9. Na4 Qa5 10. Kf1 Bd7 11. Nc3 h5 12. a3 Rc8 13. Be3 Nxe3 14. fxe3 Ne7 15. Bd3 Nf5 16. Kf2 g6 17. b4 Qd8 18. Na4 Bh6 19. Bxf5 gxf5 20. Nc5 Bc6 21. b5 b6 22. bxc6 bxc5 23. Qa4 Qc7 24. Rab1 O-O 25. Rhc1 c4 26. Rc3 Qxc6 27. Qxa7 Ra8 28. Qe7 Rfb8 29. Rbc1 Qb7 30. Qf6 Bg7 31. Qg5 Qb2 32. R1c2 Qa1 33. Qxh5 Rb2 34. Ng5 Rxc2 35. Rxc2 Ra7 36. Nh7 Qxa3 37. Nf6 Kf8 38. Qh7 Ra8 39. Qg8 Ke7 40. Qxg7 Qd3 41. Rb2 Qb3 42. Rxb3 cxb3 43. Nxd5 exd5 44. Qf6 Kd7 45. Qb6 Ra2 46. Kg3 Rb2 47. Qb4 Rb1 48. Qc3 Ke8 49. Qb4 Kd8 50. Qa3 Ke8 51. h4 Kd8 52. h5 Rh1 53. Qxb3 Rxh5 54. Qxd5 Ke8 55. Qc6 Kf8 56. Kf4 Kg8 57. d5 Rh4 58. Kxf5 Rh1 59. d6 Kh7 60. d7 f6 61. exf6 Rh4 62. g4 Rh2 63. Qc7 Rf2 64. Ke5 Kh6 65. d8Q Kg5 66. f7 Kxg4 67. Qc4 Kh5 68. Qch4 Kg6 69. Qhg5 Kh7 70. f8N Kh8 71. Qh6 Kg8 72. Qh7  1-0

[Event "2009 Canadian Junior Chess Championship"]
[Site "Victoria Canada"]
[Date "2009.07.27"]
[Round "5"]
[White "Martchenko, Alexander"]
[Black "Panjwani, Raja"]
[Result "0-1"]
[WhiteElo "2314"]
[BlackElo "2418"]
[PlyCount "73"]
[EventDate "2009.07.25"]
[Source "MonRoi"]

1. e4 d6 2. d4 Nf6 3. Nc3 e5 4. Nf3 Nbd7 5. g3 g6 6. Bg2 Bg7 7. O-O O-O 8. h3
c6 9. a4 Qc7 10. Be3 b6 11. Qd2 a6 12. Rfd1 Re8 13. dxe5 dxe5 14. Bg5 Bb7 15.
Qe1 b5 16. Nd2 Nc5 17. Be3 Ne6 18. Nb3 b4 19. Na2 c5 20. c3 Nxe4 21. cxb4 Nd4
22. Na5 Bd5 23. Rac1 Qd7 {[%eval -32767,0] Instead of the plausible bxc5,
White chose to play Kh2, allowing his queen and bishop to form a battery on
the long diagonal.} 24. Kh2 ({After} 24. bxc5 Nxg3 ({the threat was} 24... --
25. Nb4 Rac8 26. c6 Qe6 27. Qf1 {and White is better.}) 25. fxg3 Bxg2 26. Kxg2
Qxa4 27. Nc4 (27. Nc3) (27. Ra1 Nc2 $19) 27... Qxa2 {and Black is better.})
24... Nf6 25. Qh1 Bxg2 26. Qxg2 Qxa4 27. Ra1 cxb4 28. Bxd4 Qxa5 29. Be3 Qb5 30.
Nc1 a5 31. Nd3 Nd5 32. Rac1 e4 33. Nc5 Nxe3 34. fxe3 Rad8 35. Nxe4 Rxd1 36.
Rxd1 Rxe4 37. Qxe4 0-1